[Event "V Torneo Parthenope A"]
[Site "Napoli ITA"]
[Date "2013.06.06"]
[Round "5"]
[White "Esposito, Rosario"]
[Black "Vannini, Aldo"]
[WhiteElo "1804"]
[BlackElo "1767"]
[Result "1-0"]
[PlyCount "48"]
[EventDate "2013.05.09"]

1. d4 e6 2. c4 d5 3. Nc3 a6 4. cxd5 exd5 5. Bf4 Nf6 6. e3 c6 7. Bd3 Bd6 8. Bxd6
Qxd6 9. Nge2 Bg4 10. f3 Bh5 11. O-O Bg6 12. e4 dxe4 13. fxe4 Ng4 14. e5 Qe7 15.
Rf3 Nd7 16. Ne4 Bxe4 17. Bxe4 O-O-O 18. Qf1 Rdf8 19. Ng3 g6 20. Bxc6 bxc6 21.
Qxa6+ Kc7 22. Rc1 Nb6 23. Qa7+ Kd8 24. Qxb6+ Kd7 1-0

[Event "V Torneo Parthenope A"]
[Site "Napoli ITA"]
[Date "2013.06.06"]
[Round "5"]
[White "Gallo, Thomas Renato"]
[Black "Auletta, Angelo"]
[WhiteElo "1914"]
[BlackElo "2196"]
[Result "0-1"]
[PlyCount "134"]
[EventDate "2013.05.09"]

1. d4 Nf6 2. c4 g6 3. Nc3 d5 4. cxd5 Nxd5 5. e4 Nxc3 6. bxc3 Bg7 7. Nf3 c5 8.
Rb1 O-O 9. Be2 Nc6 10. Be3 Qa5 11. O-O cxd4 12. cxd4 Rd8 13. Qc2 Nxd4 14. Nxd4
Bxd4 15. Bd2 Qxd2 16. Qxd2 Bxf2+ 17. Rxf2 Rxd2 18. Bc4 Rxf2 19. Kxf2 b6 20. Bd5
Rb8 21. Rc1 e6 22. Bb3 Bb7 23. Rc7 Bxe4 24. Rxa7 Rb7 25. Ra4 Bc6 26. Rc4 Bd5
27. Rc8+ Kg7 28. Bxd5 exd5 29. Rc6 Ra7 30. Rxb6 Rxa2+ 31. Kf3 g5 32. Rd6 Rd2
33. g4 Rxh2 34. Rxd5 Kg6 35. Kg3 Ra2 36. Rd3 h5 37. Rd6+ f6 38. gxh5+ Kf5 39.
Rd3 Ra4 40. Rd5+ Ke6 41. Rd8 Rh4 42. Rh8 Kf7 43. Rh7+ Kg8 44. Rh6 Kg7 45. Rg6+
Kf7 46. Rh6 Ke6 47. Rh8 Kf5 48. Rh7 Rc4 49. Rh8 Rc3+ 50. Kf2 Kg4 51. Rf8 f5 52.
h6 Rh3 53. Rf6 Kf4 54. Kg2 g4 55. Rg6 Ke5 56. Kf2 Ke4 57. Re6+ Kf4 58. Rg6 Rh2+
59. Kg1 Kg3 60. Rb6 f4 61. Rg6 Rb2 62. Kf1 f3 63. Re6 Rb1+ 64. Re1 Rxe1+ 65.
Kxe1 f2+ 66. Kf1 Kf3 67. h7 g3 0-1

[Event "V Torneo Parthenope A"]
[Site "Napoli ITA"]
[Date "2013.06.06"]
[Round "5"]
[White "Messina, Enrico"]
[Black "Buiano, Fabio"]
[WhiteElo "2241"]
[BlackElo "2053"]
[Result "1-0"]
[PlyCount "49"]
[EventDate "2013.05.09"]

1. e4 c5 2. d4 cxd4 3. c3 b6 4. cxd4 Bb7 5. Nc3 e6 6. Nf3 Bb4 7. Bd3 Nf6 8. Qe2
d5 9. e5 Ne4 10. O-O Bxc3 11. bxc3 O-O 12. Ba3 Re8 13. Rac1 Nd7 14. Nd2 f5 15.
exf6 Nexf6 16. f4 Nf8 17. g4 Qc7 18. g5 N6d7 19. Qg4 Qc6 20. Nf3 b5 21. Ne5 Qb6
22. Nxd7 Nxd7 23. Qh5 Nf8 24. Bxf8 Kxf8 25. Qxh7 1-0

[Event "V Torneo Parthenope A"]
[Site "Napoli ITA"]
[Date "2013.06.06"]
[Round "5"]
[White "Taurisano, Vincenzo"]
[Black "Seletsky, Grigory"]
[WhiteElo "1862"]
[BlackElo "2329"]
[Result "0-1"]
[PlyCount "24"]
[EventDate "2013.05.09"]

1. e4 c5 2. d4 cxd4 3. c3 dxc3 4. Nxc3 Nc6 5. Nf3 e6 6. Bc4 Qc7 7. Qe2 Nf6 8.
O-O Ng4 9. Rd1 Bc5 10. Be3 Nxe3 11. fxe3 a6 12. e5 Nxe5 0-1

[Event "V Torneo Parthenope A"]
[Site "Napoli ITA"]
[Date "2013.06.13"]
[Round "6"]
[White "Buiano, Fabio"]
[Black "Somma, Andrea"]
[WhiteElo "2053"]
[BlackElo "1913"]
[Result "1-0"]
[PlyCount "74"]
[EventDate "2013.05.09"]

1. e4 d6 2. d4 Nf6 3. Nc3 g6 4. Bg5 Bg7 5. e5 dxe5 6. dxe5 Qxd1+ 7. Rxd1 Nfd7
8. Nd5 Bxe5 9. Nf3 Bd6 10. Bxe7 Bxe7 11. Nxc7+ Kf8 12. Nxa8 Bd8 13. Bc4 Kg7 14.
O-O b6 15. Rfe1 Bb7 16. Bd5 Nc6 17. Bxf7 Nf6 18. Bb3 Bxa8 19. Ng5 Be7 20. Ne6+
Kh6 21. Rd3 g5 22. c3 Bb7 23. Rh3+ Kg6 24. Bc2+ Kf7 25. Nxg5+ Kg7 26. Ne6+ Kf7
27. Bf5 Rg8 28. Nf4 Rg5 29. Be6+ Kf8 30. Bb3 Nd8 31. Rhe3 Rg4 32. g3 Bc8 33.
Rd1 Nc6 34. Ne6+ Bxe6 35. Bxe6 Rg5 36. f4 Rg7 37. b4 a6 1-0

[Event "V Torneo Parthenope A"]
[Site "Napoli ITA"]
[Date "2013.06.13"]
[Round "6"]
[White "Capozzoli, Silvio"]
[Black "Somma, Erminio"]
[WhiteElo "1801"]
[BlackElo "1539"]
[Result "1-0"]
[PlyCount "59"]
[EventDate "2013.05.09"]

1. e4 d5 2. exd5 Qxd5 3. Nc3 Qa5 4. d4 Bf5 5. Nf3 e6 6. a3 Nd7 7. Be3 Ngf6 8.
b4 Qb6 9. Na4 Qd6 10. c4 c6 11. h3 h6 12. Nc3 Qc7 13. Rc1 Bd6 14. d5 c5 15. Nb5
Qb8 16. dxe6 Ne4 17. exd7+ Bxd7 18. Nxd6+ Nxd6 19. Bf4 Ke7 20. bxc5 Re8 21.
Bxd6+ Kd8+ 22. Be2 Qc8 23. Qd4 f6 24. Kf1 Qc6 25. Bd1 Qa6 26. Qd3 b5 27. Kg1
bxc4 28. Qxc4 Qc6 29. Kh2 Re6 30. Nd4 1-0

[Event "V Torneo Parthenope A"]
[Site "Napoli ITA"]
[Date "2013.06.13"]
[Round "6"]
[White "Gallo, Thomas Renato"]
[Black "Esposito, Rosario"]
[WhiteElo "1914"]
[BlackElo "1804"]
[Result "0-1"]
[PlyCount "84"]
[EventDate "2013.05.09"]

1. d4 Nf6 2. c4 g6 3. Nc3 d5 4. cxd5 Nxd5 5. e4 Nxc3 6. bxc3 Bg7 7. Nf3 c5 8.
Rb1 O-O 9. Be2 cxd4 10. cxd4 Qa5+ 11. Qd2 Qxd2+ 12. Bxd2 b6 13. O-O Bb7 14. d5
Na6 15. Be3 Rfc8 16. Rfc1 Rxc1+ 17. Rxc1 Rc8 18. Rxc8+ Bxc8 19. Nd4 Bxd4 20.
Bxd4 Nc5 21. f3 Bb7 22. Bc4 Kf8 23. Kf2 Ba6 24. Bxa6 Nxa6 25. a4 Ke8 26. Ke3
Kd7 27. e5 f6 28. f4 Nb4 29. d6 Nc2+ 30. Kd3 Nxd4 31. Kxd4 fxe5+ 32. Kxe5 exd6+
33. Kd5 a6 34. g4 b5 35. axb5 axb5 36. f5 gxf5 37. gxf5 Ke7 38. Kd4 Kf6 39. Ke4
b4 40. Kd4 Kxf5 41. Kc4 Kg4 42. Kxb4 Kh3 0-1

[Event "V Torneo Parthenope A"]
[Site "Napoli ITA"]
[Date "2013.06.13"]
[Round "6"]
[White "Seletsky, Grigory"]
[Black "Auletta, Angelo"]
[WhiteElo "2329"]
[BlackElo "2196"]
[Result "1-0"]
[PlyCount "94"]
[EventDate "2013.05.09"]

1. e4 c5 2. Nf3 d6 3. d4 cxd4 4. Nxd4 Nf6 5. Nc3 a6 6. f3 e5 7. Nb3 Be6 8. Be3
b5 9. Qd2 Nbd7 10. a4 b4 11. Nd5 Nxd5 12. exd5 Bf5 13. a5 Be7 14. Bd3 Bxd3 15.
Qxd3 Bg5 16. Bf2 O-O 17. Ra4 Qb8 18. Bb6 Qb7 19. Rxb4 Nf6 20. c4 e4 21. fxe4
Nxe4 22. O-O Qe7 23. Nd4 Nc5 24. Bxc5 Qe3+ 25. Qxe3 Bxe3+ 26. Kh1 dxc5 27. Nc2
cxb4 28. Nxe3 Rfe8 29. Nf5 g6 30. Nd6 Re2 31. c5 Rxb2 32. h3 Rc2 33. Nb7 b3 34.
Rb1 b2 35. Kh2 Re8 36. d6 Ree2 37. Kg3 Rc1 38. d7 Rxb1 39. d8=Q+ Kg7 40. Qd4+
Kg8 41. Qd8+ Kg7 42. Qd4+ Kg8 43. Qd8+ Kg7 44. Qd4+ f6 45. Qd7+ Kh6 46. Nd6 Rf1
47. Nf7+ Kh5 1-0

[Event "V Torneo Parthenope A"]
[Site "Napoli ITA"]
[Date "2013.06.13"]
[Round "6"]
[White "Taurisano, Vincenzo"]
[Black "Messina, Enrico"]
[WhiteElo "1862"]
[BlackElo "2241"]
[Result "0-1"]
[PlyCount "62"]
[EventDate "2013.05.09"]

1. e4 c5 2. Nf3 d6 3. d4 cxd4 4. Nxd4 Nf6 5. Nc3 g6 6. f3 Bg7 7. Be3 O-O 8. Qd2
Nc6 9. O-O-O d5 10. Nxc6 bxc6 11. exd5 Nxd5 12. Nxd5 cxd5 13. Qxd5 Qc7 14. Qc5
Qb7 15. Qb5 Qxb5 16. Bxb5 Rb8 17. a4 a6 18. Bc4 Bxb2+ 19. Kd2 Bd7 20. Bb3 Rfc8
21. g4 Rb4 22. a5 Bc3+ 23. Ke2 Bb5+ 24. Kf2 Bc4 25. Bxc4 Rbxc4 26. Bb6 Bb4 27.
Rd3 Rxc2+ 28. Kg3 Bd6+ 29. Kh3 Ra2 30. g5 Rc4 31. Be3 Rxa5 0-1

[Event "V Torneo Parthenope A"]
[Site "Napoli ITA"]
[Date "2013.06.13"]
[Round "6"]
[White "Trematerra, Massimiliano"]
[Black "Farina, Walter"]
[WhiteElo "1463"]
[BlackElo "1649"]
[Result "1-0"]
[PlyCount "39"]
[EventDate "2013.05.09"]

1. e4 c5 2. Nf3 d6 3. d4 cxd4 4. Nxd4 Nf6 5. Nc3 g6 6. Bc4 Nbd7 7. O-O Qc7 8.
Bb3 a6 9. Qf3 Bg7 10. Nd5 Nxd5 11. Bxd5 O-O 12. Bg5 Bxd4 13. Bxe7 Ne5 14. Qf6
Re8 15. Bxd6 Qd7 16. Rad1 Re6 17. Bxe6 Qxe6 18. Qd8+ Kg7 19. Bf8+ Kh8 20. Bh6+
1-0

[Event "V Torneo Parthenope B"]
[Site "Napoli ITA"]
[Date "2013.05.16"]
[Round "1"]
[White "Auletta, Pasquale"]
[Black "Di Lorenzo, Beniamino"]
[WhiteElo "1425"]
[BlackElo "1491"]
[Result "0-1"]
[PlyCount "96"]
[EventDate "2013.05.23"]

1. e4 e5 2. Nf3 Nc6 3. d4 exd4 4. Nxd4 Bc5 5. Be3 Qf6 6. c3 Nge7 7. Bc4 O-O 8.
O-O Ne5 9. Bb3 d6 10. f4 Ng4 11. Qe2 Nxe3 12. Qxe3 Nc6 13. Rd1 Re8 14. Kh1 Bf5
15. Bd5 Bd7 16. Qd3 Qxf4 17. Rf1 Ne5 18. Rxf4 Nxd3 19. Bxf7+ Kh8 20. Bxe8 Rxe8
21. Nd2 Nxf4 22. Rf1 Ne6 23. N4b3 Ng5 24. Nxc5 dxc5 25. Nf3 Nxe4 26. Nh4 Nd2
27. Rd1 Nc4 28. g3 Bc6+ 29. Kg1 Nxb2 30. Rd2 Nc4 31. Rf2 Re1+ 32. Rf1 Rxf1+ 33.
Kxf1 g6 34. Ke2 b5 35. Kd3 a5 36. a4 Nb2+ 37. Ke3 Nxa4 38. Kd3 Nb2+ 39. Kc2 Nc4
40. Kb3 a4+ 41. Ka2 Bd5 42. Kb1 b4 43. cxb4 cxb4 44. Kc2 a3 45. Kb1 b3 46. g4
a2+ 47. Ka1 Na3 48. g5 Nc2+ 0-1

[Event "V Torneo Parthenope B"]
[Site "Napoli ITA"]
[Date "2013.05.30"]
[Round "3"]
[White "De Vero, Vincenzo"]
[Black "Parise, Mariano"]
[WhiteElo "1386"]
[BlackElo "1634"]
[Result "0-1"]
[PlyCount "54"]
[EventDate "2013.05.23"]

1. e4 e6 2. Nc3 d5 3. exd5 exd5 4. d4 Nf6 5. Bg5 Be7 6. Bxf6 Bxf6 7. Be2 Nc6 8.
Nf3 Be6 9. O-O a6 10. a4 g5 11. g3 g4 12. Nd2 h5 13. f4 Bxd4+ 14. Kh1 f5 15.
Bd3 h4 16. Qe1 Kf7 17. Rb1 hxg3 18. Qxg3 Rh3 19. Qg2 Qh4 20. Ne2 Be3 21. Ng1
Bxg1 22. Kxg1 Rh8 23. Qf2 g3 24. Qe1 Rxh2 25. Be2 Qh3 26. Bf3 Rh1+ 27. Bxh1
Qxh1# 0-1

[Event "V Torneo Parthenope B"]
[Site "Napoli ITA"]
[Date "2013.05.30"]
[Round "3"]
[White "Sparice, Lorenzo"]
[Black "Auletta, Pasquale"]
[WhiteElo "1480"]
[BlackElo "1425"]
[Result "0-1"]
[PlyCount "106"]
[EventDate "2013.05.23"]

1. e4 c5 2. Nf3 d6 3. d4 cxd4 4. Nxd4 Nf6 5. Nc3 a6 6. Be3 e5 7. Nb3 Be6 8. Bg5
Be7 9. Bxf6 Bxf6 10. Nd5 Bxd5 11. Qxd5 Nc6 12. Bc4 O-O 13. O-O Rc8 14. a3 Qc7
15. c3 Ne7 16. Qd3 Qxc4 17. Qxc4 Rxc4 18. Na5 Rxe4 19. Nxb7 d5 20. Nc5 Re2 21.
Rab1 Rb8 22. b4 Rb6 23. Nd7 Rc6 24. Nxf6+ Rxf6 25. Rfe1 Rxe1+ 26. Rxe1 Nc6 27.
f3 Re6 28. a4 d4 29. b5 axb5 30. axb5 Nd8 31. cxd4 exd4 32. Rxe6 fxe6 33. Kf2
Kf7 34. Ke2 Ke7 35. f4 Kd6 36. Kd3 e5 37. Ke4 exf4 38. Kxd4 g5 39. Kc4 h5 40.
Kd4 Ke6 41. Ke4 Nb7 42. h3 Nd6+ 43. Kf3 Nxb5 44. h4 Kf5 45. g3 g4+ 46. Kg2 f3+
47. Kf2 Ke4 48. Kf1 Nd4 49. Kf2 Kd3 50. Ke1 Ke3 51. Kf1 f2 52. Kg2 Ke2 53. Kh2
Nf3+ 0-1

[Event "V Torneo Parthenope B"]
[Site "Napoli ITA"]
[Date "2013.06.06"]
[Round "4"]
[White "Auletta, Pasquale"]
[Black "Parise, Mariano"]
[WhiteElo "1425"]
[BlackElo "1634"]
[Result "0-1"]
[PlyCount "88"]
[EventDate "2013.05.23"]

1. e4 Nf6 2. e5 Nd5 3. c4 Nb6 4. c5 Nd5 5. Bc4 e6 6. d4 b6 7. Bxd5 exd5 8. Be3
Bb7 9. cxb6 axb6 10. f4 d6 11. Nf3 dxe5 12. fxe5 Be7 13. O-O h6 14. Qc2 Qd7 15.
Nc3 O-O 16. Rae1 Rc8 17. a3 c5 18. Qd3 c4 19. Qc2 b5 20. Bd2 Na6 21. b4 Nc7 22.
Ra1 Ra6 23. Ra2 Rca8 24. Rfa1 Bc6 25. Kf2 Ne6 26. Kg1 Qa7 27. Be3 Rxa3 28. Rxa3
Qxa3 29. Rxa3 Rxa3 30. Qb2 Rb3 31. Qc2 Bxb4 32. Ne2 Rxe3 33. Kf2 Ra3 34. Nd2
Be7 35. Nb1 Ra6 36. Qb2 b4 37. Ke3 Bb5 38. Nec3 Bc6 39. Na2 c3 40. Qb3 Ba4 41.
Qxd5 c2 42. Nd2 Bg5+ 43. Kd3 Nf4+ 44. Kc4 Nxd5 0-1

[Event "V Torneo Parthenope B"]
[Site "Napoli ITA"]
[Date "2013.06.06"]
[Round "4"]
[White "Soave, Vittorio"]
[Black "Sparice, Lorenzo"]
[WhiteElo "1413"]
[BlackElo "1480"]
[Result "1/2-1/2"]
[PlyCount "40"]
[EventDate "2013.05.23"]

1. d4 b6 2. c4 e6 3. Nc3 a6 4. Nf3 Bb7 5. e4 Bb4 6. Bd3 Bxc3+ 7. bxc3 d6 8. O-O
Nd7 9. Rb1 Ne7 10. d5 e5 11. a4 a5 12. Ba3 O-O 13. Qc2 Ng6 14. g3 h6 15. Kh1
Qc8 16. Ng1 Ba6 17. Ne2 Nc5 18. f4 Nxd3 19. Qxd3 f6 20. f5 Nh8 1/2-1/2

[Event "V Torneo Parthenope B"]
[Site "Napoli ITA"]
[Date "2013.06.13"]
[Round "5"]
[White "Auletta, Pasquale"]
[Black "Freda, Guido"]
[WhiteElo "1425"]
[BlackElo "1419"]
[Result "0-1"]
[PlyCount "88"]
[EventDate "2013.05.23"]

1. e4 c5 2. Nf3 d6 3. d4 cxd4 4. Nxd4 Nf6 5. Nc3 a6 6. Bc4 Qc7 7. Bb3 Nc6 8. f3
g6 9. Be3 Bd7 10. Qd2 Bg7 11. O-O-O O-O 12. Bh6 Nxd4 13. Qxd4 e5 14. Qxd6 Bxh6+
15. Kb1 Qxd6 16. Rxd6 Be6 17. Bxe6 fxe6 18. Rxe6 Rae8 19. Rb6 Rf7 20. h4 Be3
21. Rb4 Bd2 22. Rc4 Bxc3 23. Rxc3 Rd8 24. a3 h5 25. Re3 Rfd7 26. Ka2 Rd2 27. g3
Rxc2 28. Rc3 Rxc3 29. bxc3 Rd2+ 30. Kb3 Rg2 31. Rh3 Kh7 32. Kc4 Rf2 33. f4 exf4
34. gxf4 Rxf4 35. Kc5 Nxe4+ 36. Kb6 Rf7 37. c4 Nd6 38. c5 Nc8+ 39. Ka5 Rf5 40.
Kb4 Na7 41. Rd3 Nc6+ 42. Kc4 Ne5+ 43. Kc3 Nxd3 44. Kxd3 Rxc5 0-1

[Event "V Torneo Parthenope B"]
[Site "Napoli ITA"]
[Date "2013.06.13"]
[Round "5"]
[White "Parise, Mariano"]
[Black "Soave, Vittorio"]
[WhiteElo "1634"]
[BlackElo "1413"]
[Result "1-0"]
[PlyCount "51"]
[EventDate "2013.05.23"]

1. d4 d5 2. Nf3 Nf6 3. Bf4 c6 4. e3 e6 5. h3 Nbd7 6. Bd3 Be7 7. Nbd2 O-O 8. c3
c5 9. b3 cxd4 10. cxd4 b6 11. Rc1 Bb7 12. Rc7 e5 13. Rxb7 exf4 14. exf4 Ne8 15.
Ne5 Nb8 16. Qc2 g6 17. f5 Bd6 18. f4 Qh4+ 19. Kd1 Qxf4 20. Ndf3 Bxe5 21. dxe5
Qh6 22. Re1 gxf5 23. Bxf5 Ng7 24. Nd4 Nxf5 25. Nxf5 Qc6 26. Ne7+ 1-0

[Event "V Torneo Parthenope B"]
[Site "Napoli ITA"]
[Date "2013.06.13"]
[Round "5"]
[White "Sparice, Lorenzo"]
[Black "De Vero, Vincenzo"]
[WhiteElo "1480"]
[BlackElo "1386"]
[Result "1-0"]
[PlyCount "73"]
[EventDate "2013.05.23"]

1. e4 e5 2. Nf3 Nc6 3. Bb5 a6 4. Bc4 Qe7 5. a3 b5 6. Be2 Nf6 7. Nc3 Bb7 8. d3
g6 9. Bg5 Bg7 10. Nd5 Qd6 11. Bxf6 Bxf6 12. Nxf6+ Qxf6 13. c3 O-O 14. O-O Ne7
15. Qb3 Kh8 16. Rab1 c6 17. c4 Rfc8 18. c5 a5 19. Qc3 d6 20. cxd6 Qxd6 21. Nxe5
Kg8 22. Ng4 g5 23. Nf6+ Kf8 24. Nxh7+ Kg8 25. Nxg5 c5 26. Bh5 Ng6 27. Qb3 Rf8
28. Qxb5 Bc6 29. Qc4 Ra7 30. Rbc1 Ne5 31. Qc3 a4 32. Rcd1 Rb7 33. d4 Rb3 34.
Qxc5 Qxc5 35. dxc5 Nd3 36. Bf3 f6 37. Ne6 1-0

[Event "XVII Weekend A"]
[Site "Salsomaggiore Terme ITA"]
[Date "2013.05.17"]
[Round "1"]
[White "Pipitone, Antonio"]
[Black "Peric, Slavisa"]
[WhiteElo "1911"]
[BlackElo "2226"]
[Result "1-0"]
[PlyCount "79"]
[EventDate "2013.05.17"]

1. e4 e6 2. d4 d5 3. Nc3 Nc6 4. Nf3 Nf6 5. e5 Ne4 6. Bd2 Be7 7. Bd3 Nxd2 8.
Qxd2 Nb4 9. Be2 c5 10. a3 Nc6 11. dxc5 Bxc5 12. O-O a6 13. Rad1 Qc7 14. Qg5 O-O
15. Bd3 Be7 16. Qg3 f6 17. Qh3 g6 18. Qh6 fxe5 19. Bxg6 Bf6 20. Bh5 e4 21. Ng5
Qg7 22. Qxg7+ Kxg7 23. Nh3 b5 24. Bg4 Rb8 25. Nf4 Bxc3 26. Nh5+ Kh6 27. bxc3
Ne5 28. Be2 Bd7 29. Ng3 Rbc8 30. f4 exf3 31. gxf3 Rxc3 32. f4 Nc4 33. Bxc4 Rxc4
34. f5 Rxc2 35. fxe6 Rxf1+ 36. Rxf1 Bc6 37. e7 Kg6 38. Rf8 d4 39. Rc8 Kf7 40.
e8=Q+ 1-0

[Event "II Festival del Salento A"]
[Site "Gallipoli ITA"]
[Date "2013.05.25"]
[Round "1"]
[White "Bernabei, Alberto"]
[Black "Sansonetti, Giorgio"]
[WhiteElo "1968"]
[BlackElo "2113"]
[Result "1/2-1/2"]
[PlyCount "154"]
[EventDate "2013.05.25"]

1. e4 c5 2. Nf3 d6 3. d4 cxd4 4. Qxd4 Nc6 5. Bb5 Bd7 6. Bxc6 Bxc6 7. Nc3 Nf6 8.
Bg5 e6 9. O-O-O Be7 10. Qd3 Qa5 11. Kb1 Rd8 12. Bxf6 Bxf6 13. Nd4 d5 14. exd5
Bxd5 15. Nxd5 Rxd5 16. Qc4 Qd8 17. c3 O-O 18. Kc2 Qd7 19. Nf3 Rd8 20. Rxd5 Qxd5
21. Qxd5 Rxd5 22. Rd1 Rxd1 23. Kxd1 Kf8 24. Kd2 Ke7 25. Kd3 Kd6 26. b3 a6 27.
a4 Bd8 28. Nd2 e5 29. Ke4 Ke6 30. f3 f5+ 31. Kd3 Kd5 32. b4 Be7 33. c4+ Kc6 34.
Kc3 b6 35. b5+ Kb7 36. Kd3 Bc5 37. h3 Bb4 38. Nf1 Bc5 39. Nd2 g6 40. g4 a5 41.
Nf1 Bf2 42. gxf5 gxf5 43. Ke2 Bg1 44. Ng3 f4 45. Ne4 Kc7 46. Kd3 h6 47. Nd2 Kd6
48. Nb3 Ke6 49. Ke4 h5 50. c5 Bxc5 51. Nxc5+ bxc5 52. b6 Kd6 53. b7 Kc7 54.
b8=Q+ Kxb8 55. Kxe5 Kc7 56. Kd5 Kb6 57. h4 c4 58. Kxc4 Kc6 59. Kd4 Kd6 60. Ke4
Kc5 61. Kxf4 Kb4 62. Kg5 Kxa4 63. f4 Kb3 64. f5 a4 65. f6 a3 66. f7 a2 67. f8=Q
a1=Q 68. Qf7+ Kc2 69. Qc4+ Kd2 70. Qf4+ Kd3 71. Qf5+ Ke3 72. Kxh5 Qd1+ 73. Qg4
Qd6 74. Qg5+ Kf3 75. Qf5+ Kg3 76. Qg4+ Kh2 77. Kg5 Qe7+ 1/2-1/2

[Event "II Festival del Salento A"]
[Site "Gallipoli ITA"]
[Date "2013.05.25"]
[Round "1"]
[White "Callier, Christophe"]
[Black "Agrifoglio, Fabio"]
[WhiteElo "2102"]
[BlackElo "1965"]
[Result "1-0"]
[PlyCount "147"]
[EventDate "2013.05.25"]

1. e4 c5 2. Nf3 d6 3. d4 cxd4 4. Nxd4 Nf6 5. Nc3 a6 6. Bc4 e6 7. Bb3 Qc7 8. Bg5
Be7 9. Qf3 Nc6 10. Nxc6 bxc6 11. e5 dxe5 12. Bxf6 gxf6 13. Qg3 Kf8 14. O-O-O
Rg8 15. Qh3 Rg7 16. Rd3 f5 17. Rg3 Bg5+ 18. Kb1 Kg8 19. Qh5 Qe7 20. h4 Bf6 21.
Rxg7+ Bxg7 22. g4 Ra7 23. Rg1 Kh8 24. g5 Rd7 25. Qe2 e4 26. h5 Rd8 27. Qc4 c5
28. Ne2 Qd6 29. c3 a5 30. Rd1 Qe7 31. Rxd8+ Qxd8 32. Qxc5 Ba6 33. h6 Bd3+ 34.
Ka1 Bxe2 35. hxg7+ Kxg7 36. Qe5+ Kg6 37. a4 Qxg5 38. Qxa5 Qg1+ 39. Ka2 Qxf2 40.
Qd8 Bh5 41. Qg8+ Kh6 42. Qf8+ Kg5 43. Qd8+ f6 44. Qg8+ Bg6 45. Qxe6 Qc5 46. Bc4
f4 47. b4 Qe3 48. Kb3 f3 49. b5 Qa7 50. b6 Qg7 51. Qc8 Bf7 52. Qc5+ f5 53. a5
Bxc4+ 54. Kxc4 Qd7 55. Kb4 Qd3 56. Qe7+ Kg6 57. b7 f2 58. Qe8+ Kf6 59. Qf8+ Kg5
60. b8=Q Qb1+ 61. Kc5 Qxb8 62. Qxb8 f1=Q 63. Qg8+ Kf6 64. Qf8+ Kg6 65. Qd6+ Kg5
66. a6 Qf2+ 67. Qd4 Qa2 68. Qg7+ Kf4 69. Qc7+ Kg4 70. a7 e3 71. Qg7+ Kh5 72.
Qxh7+ Kg5 73. Qg7+ Kh5 74. Qh8+ 1-0

[Event "II Festival del Salento A"]
[Site "Gallipoli ITA"]
[Date "2013.05.25"]
[Round "1"]
[White "Caruso, Augusto"]
[Black "Al Khateeb, Taher"]
[WhiteElo "2272"]
[BlackElo "1984"]
[Result "1-0"]
[PlyCount "129"]
[EventDate "2013.05.25"]

1. d4 Nf6 2. Nc3 d5 3. Bg5 Bf5 4. f3 c5 5. dxc5 d4 6. e4 Nc6 7. Nb5 a6 8. exf5
axb5 9. a3 Qa5+ 10. c3 dxc3 11. b4 c2 12. bxa5 cxd1=Q+ 13. Rxd1 Rxa5 14. Bd2
Rxa3 15. Bxb5 e6 16. fxe6 fxe6 17. Rb1 Kf7 18. Ne2 Bxc5 19. Bxc6 bxc6 20. Rb7+
Be7 21. Rxe7+ Kxe7 22. Bb4+ Kf7 23. Bxa3 Ra8 24. Bc1 Ra2 25. Kf2 Nd5 26. Re1 c5
27. g3 Nb4 28. Rd1 c4 29. Rd7+ Kf6 30. Rd2 Nd3+ 31. Ke3 Ra5 32. f4 g5 33. Rc2
gxf4+ 34. gxf4 e5 35. Rxc4 Nxc1 36. Nxc1 exf4+ 37. Kxf4 Rf5+ 38. Kg3 Rg5+ 39.
Kh4 Rf5 40. Nd3 Kg7 41. Nf4 Ra5 42. Nh5+ Kf7 43. Rc7+ Kg6 44. Rc6+ Kf7 45. Rf6+
Kg8 46. Rf4 Ra6 47. Rf5 Rb6 48. Rc5 Kf7 49. h3 Ra6 50. Kg5 Rg6+ 51. Kf5 Rh6 52.
Rc7+ Kg8 53. Nf4 Ra6 54. Ne6 Rb6 55. Kf6 h6 56. Rg7+ Kh8 57. Re7 Ra6 58. Kg6
Ra8 59. Kxh6 Rb8 60. Kg6 Rg8+ 61. Kh6 Rb8 62. Rd7 Rc8 63. Rd8+ Rxd8 64. Nxd8
Kg8 65. Kg6 1-0

[Event "II Festival del Salento A"]
[Site "Gallipoli ITA"]
[Date "2013.05.25"]
[Round "1"]
[White "Dedijer, Mira"]
[Black "Quaranta, Cristiano"]
[WhiteElo "1980"]
[BlackElo "2172"]
[Result "1/2-1/2"]
[PlyCount "93"]
[EventDate "2013.05.25"]

1. e4 e6 2. d4 d5 3. exd5 exd5 4. Bd3 Nc6 5. c3 Bd6 6. Ne2 Qf6 7. Qb3 Nge7 8.
Na3 a6 9. Nc2 O-O 10. Ne3 Be6 11. O-O Qh4 12. g3 Qh5 13. Ng2 Qf3 14. Nef4 Bxf4
15. Nxf4 g5 16. Be2 Qe4 17. f3 Qf5 18. Bd3 Qf6 19. Nxe6 fxe6 20. Qxb7 Nxd4 21.
f4 g4 22. Qxc7 Nf3+ 23. Kf2 Rac8 24. Qa7 e5 25. fxe5 Nxe5+ 26. Kg2 Qe6 27. Qe3
d4 28. cxd4 Rxf1 29. Kxf1 Qf7+ 30. Qf4 Nxd3 31. Qxf7+ Kxf7 32. Bg5 Rc2 33. Rd1
Nxb2 34. Rb1 Rxh2 35. Kg1 Rc2 36. Kf1 Ke6 37. Re1+ Kf5 38. Bxe7 Nd3 39. Re3
Rc1+ 40. Kg2 Ne1+ 41. Kf2 Nf3 42. Ra3 Ke4 43. Rxa6 Rc2+ 44. Kf1 Rc1+ 45. Kf2
Rc2+ 46. Kf1 Rc1+ 47. Kf2 1/2-1/2

[Event "II Festival del Salento A"]
[Site "Gallipoli ITA"]
[Date "2013.05.25"]
[Round "1"]
[White "Dedijer, Sanja"]
[Black "Horvath, Csaba"]
[WhiteElo "2018"]
[BlackElo "2516"]
[Result "0-1"]
[PlyCount "104"]
[EventDate "2013.05.25"]

1. d4 Nf6 2. Nf3 c5 3. g3 cxd4 4. Nxd4 d5 5. Bg2 e5 6. Nb3 Be6 7. O-O Be7 8. c4
Nc6 9. cxd5 Nxd5 10. Bd2 O-O 11. Nc3 Nb6 12. Ne4 Na4 13. Qc1 Rc8 14. Be3 Nd4
15. Qd2 Rc2 16. Nxd4 Rxd2 17. Nxe6 fxe6 18. Bxd2 Nxb2 19. Rfc1 Na4 20. Rab1 b6
21. Be3 Bc5 22. Nxc5 Nxc5 23. Rxc5 bxc5 24. Bxc5 Rf7 25. Bh3 Rc7 26. Bxe6+ Kh8
27. Bd6 Rc6 28. Rb8 Rxd6 29. Rxd8+ Rxd8 30. e4 g5 31. Kg2 Kg7 32. h4 gxh4 33.
gxh4 Kf6 34. Bd5 Rd7 35. Kg3 Rg7+ 36. Kh3 Ke7 37. Bb3 Kd6 38. h5 h6 39. Kh4 Kc5
40. f3 Kd4 41. Be6 Ke3 42. Bg4 Kf4 43. Kh3 Rc7 44. a4 Rc2 45. Be6 Kxf3 46. Bd5
a5 47. Bf7 Rb2 48. Bd5 Kf4 49. Bc6 Ra2 50. Bd7 Kxe4 51. Kg3 Ra1 52. Bc6+ Kf5
0-1

[Event "II Festival del Salento A"]
[Site "Gallipoli ITA"]
[Date "2013.05.25"]
[Round "1"]
[White "Gutierrez, Leonela"]
[Black "Paolillo, Gaia"]
[WhiteElo "2090"]
[BlackElo "1903"]
[Result "1-0"]
[PlyCount "120"]
[EventDate "2013.05.25"]

1. e4 e5 2. Bc4 Nc6 3. Nf3 Bc5 4. c3 Nf6 5. d3 d6 6. O-O Be6 7. Nbd2 O-O 8. Re1
Qd7 9. b4 Bb6 10. a4 a5 11. b5 Ne7 12. d4 exd4 13. cxd4 d5 14. e5 Nh5 15. Ba2
Nf4 16. Nf1 Nfg6 17. h3 h6 18. Ng3 Nf5 19. Nh5 Qd8 20. Bb1 Nfh4 21. Nh2 Nf5 22.
Nf3 Nfh4 23. Nf6+ gxf6 24. Nxh4 fxe5 25. Nxg6 fxg6 26. Rxe5 Qf6 27. Ra2 g5 28.
Qd3 Rf7 29. Rae2 Bd7 30. Rxd5 Raf8 31. Rde5 Bf5 32. Rxf5 Qxf5 33. Qxf5 Rxf5 34.
Bxf5 Rxf5 35. Re4 Rd5 36. Be3 Kf7 37. f4 gxf4 38. Rxf4+ Ke6 39. Kf2 c5 40. dxc5
Bxc5 41. Bxc5 Rxc5 42. Ke3 Rc3+ 43. Kd4 Rc7 44. Rh4 Rf7 45. Rxh6+ Ke7 46. Rh4
Kd6 47. Rg4 Rf1 48. Rg6+ Kd7 49. Ke5 Re1+ 50. Kf6 Kd6 51. Rg4 Kc5 52. h4 Rf1+
53. Kg7 Rh1 54. Kg6 Rd1 55. h5 Rd8 56. h6 Rg8+ 57. Kh5 Rh8 58. Rf4 Kd5 59. g4
Ke5 60. Rf7 b6 1-0

[Event "II Festival del Salento A"]
[Site "Gallipoli ITA"]
[Date "2013.05.25"]
[Round "1"]
[White "Klein, Gernot"]
[Black "Schmitz, Andreas Arnold"]
[WhiteElo "1888"]
[BlackElo "2059"]
[Result "1/2-1/2"]
[PlyCount "118"]
[EventDate "2013.05.25"]

1. e4 e5 2. Nf3 Nc6 3. Bb5 Bc5 4. O-O Qf6 5. c3 Nge7 6. d3 O-O 7. Nbd2 d6 8.
Re1 a6 9. Ba4 Bg4 10. Nf1 b5 11. Bb3 Bxf3 12. Qxf3 Qxf3 13. gxf3 Ng6 14. Bd5
Nge7 15. Bb3 Kh8 16. Ne3 Na5 17. Bc2 f5 18. Nxf5 Nxf5 19. exf5 Bb6 20. b4 Nc6
21. d4 exd4 22. Be4 Rae8 23. Bb2 dxc3 24. Bxc3 Bd4 25. Rec1 Bxc3 26. Rxc3 Nxb4
27. Rxc7 d5 28. Bc2 Rc8 29. Rxc8 Rxc8 30. Bd1 d4 31. Kf1 d3 32. Bb3 h5 33. Rd1
Kh7 34. Ke1 Re8+ 35. Kd2 Re2+ 36. Kc3 Nxa2+ 37. Kxd3 Rxf2 38. Ke3 Rxh2 39. Rd4
Kh6 40. Rd6+ Kg5 41. Rxa6 Nc1 42. f4+ Kxf5 43. Be6+ Kg6 44. Bc4+ Kh7 45. Bxb5
g6 46. Rc6 Rh3+ 47. Ke4 Rb3 48. Rc5 Rb4+ 49. Ke5 h4 50. Bf1 Nb3 51. Rc7+ Kh6
52. Rc8 Rb7 53. Rh8+ Rh7 54. Re8 Nd2 55. Bh3 Ra7 56. Kf6 Ra6+ 57. Kf7 Ra7+ 58.
Kf6 Ra6+ 59. Kf7 Ra7+ 1/2-1/2